| 000 | 00429 a2200157 4500 | ||
|---|---|---|---|
| 003 | Nust | ||
| 005 | 20170207153350.0 | ||
| 040 | _cNust | ||
| 082 | _a005.1 | ||
| 100 | _aJaved , Arslan NC BESE-03 | ||
| 245 |
_aOss server for packetcable telephony (Hard / Softcopy) _cNC Arslan Javed & NC Farid Anwar BESE-03 |
||
| 260 |
_bMCS _cOct,2001 |
||
| 538 | _aAlmirah No 71 Shelf No 3 | ||
| 650 | _aUG Projects | ||
| 651 | _aUG CS Projects | ||
| 942 | _cTHS | ||
| 999 |
_c184519 _d184519 |
||